Essential grammar in use : with answers
v...Trình bày các điểm ngữ pháp theo từng đơn vị bài học; mỗi đơn vị bài học được tổ chức làm 2 phần. Lý thuyết ngữ pháp và bài tập ngữ pháp. Có đáp án và bài tập ở cuối sách
Đã lưu trong:
| Tác giả chính: | |
|---|---|
| Định dạng: | Sách |
| Năm xuất bản: |
H.
|
| Phiên bản: | 2001 |
| Chủ đề: | |
| Tags: |
Thêm thẻ
Không có thẻ, Hãy là người đầu tiên gắn thẻ bản ghi này!
|
| LEADER | 00793nam a2200181 4500 | ||
|---|---|---|---|
| 999 | |c 4578 |d 4578 | ||
| 082 | |a 425 |b M500R | ||
| 100 | |a MURPHY, RAYMOND | ||
| 245 | |a Essential grammar in use : with answers |c RAYMOND MURPHY | ||
| 250 | |a 2001 | ||
| 260 | |a H. | ||
| 300 | |a 300 tr. |c 21 cm | ||
| 520 | |a v...Trình bày các điểm ngữ pháp theo từng đơn vị bài học; mỗi đơn vị bài học được tổ chức làm 2 phần. Lý thuyết ngữ pháp và bài tập ngữ pháp. Có đáp án và bài tập ở cuối sách | ||
| 653 | |a Ngôn ngữ | ||
| 653 | |a Tiếng Anh | ||
| 653 | |a Ngữ pháp | ||
| 942 | |2 ddc |c STK0 | ||
| 952 | |0 0 |1 0 |2 ddc |4 0 |6 425_000000000000000_M500R |7 0 |8 400 |9 44198 |a qbu |b qbu |c D4 |d 2014-12-19 |g 15000 |o 425 M500R |p 2866.c1 |w 2014-12-19 |y STK0 |0 0 |6 425_000000000000000_M500R | ||